00878nam a22001937a 4500003000400000005001700004008004100021020001500062040000700077100002600084245007700110260003500187300002700222504003200249505032100281650002700602650002800629650002700657OSt20180903071314.0180226b xxu||||| |||| 00| 0 spa d a9505083521 cPJ aMaurino, Alberto Luis10aPerención de la instancia en el proceso civil /cAlberto Luis Maurino. aBuenos Aires :bAstrea,c1991. axlviii, 385 p.c23 cm. aBibliografía: p. 379-385. aContenido: Presupuestos -- Legitimación -- Declaración de oficio -- Indivisibilidad -- Formas de producción -- Convalidación -- Plazos -- Suspensión -- Interrupción -- Aplicación segín procesos y etapas procesales -- Improcedencia -- Procedimiento -- Efectos -- La perención en segunda instancia.  0aDERECHO PROCESAL CIVIL 0aTERMINACION DEL PROCESO 0aCADUCIDAD DE INSTANCIA